Alfred Hitchcock's Vertigo - Statistics

General Stats
  • This quiz has been taken 124 times
    112 since last reset
  • The average score is 7 of 21
Answer Stats
Hint Answer % Correct
What is the current name of that hotel ? Hotel Vertigo
71%
Under which bridge does Madeleine jump into the sea ? Golden gate bridge (at Fort Point)
70%
What do John Ferguson's friends call him ? Scottie
70%
Who is supposedly possessing Madeleine Elster? Carlotta Valdes
59%
What piece of jewelry makes John Ferguson understand he was framed ? Carlotta's Necklace
55%
What is the name of his best friend and former fiancée, played by Barbara Bel Geddes ? Midge Wood
55%
What is the fear of heights called ? Acrophobia
48%
Who wrote the movie's score ? Bernard Herrmann
42%
What television series is Barbara Bel Geddes best remembered for ? Dallas
31%
What is the name of the restaurant where James Stewart's character first sees Madeleine Elster ? Ernie's
31%
Which phallic tower does Madeleine use to find the detective's appartment located in Lombard street ? Coit tower
22%
What is the name of the hotel she lives in ? Empire hotel
19%
Who created the movie's iconic title sequence ? Saul Bass
19%
Which actress was originally scheduled to play Madeleine ? Vera Miles
19%
Columbia agreed to lend Kim Novak under the condition that Jimmy Stewart would co-star with her in which Columbia production released the same year ? Bell, Book and Candle
17%
Who is actually impersonating Madeleine Elster ? (name of the second character played by Kim Novak) Judy Barton
14%
In which Spanish mission is she buried ? Mission Dolores
11%
In which San Francisco museum could her portrait be seen ? California Palace of the Legion of Honor
10%
What French writing duo wrote the novel 'D'entre les morts', on which Vertigo is based ? Pierre Boileau and Thomas Narcejac
6%
Which recent Best picture Oscar winner made extensive use of Vertigo's Love theme, which Kim Novak compared to a rape ? The Artist
5%
What is Madeleine's address in San Francisco ? 1000 Mason Street
2%
No matching quizzes found
Score Distribution
Percent of People with Each Score
Percentile by Number Answered
Your Score History
You have not taken this quiz since the last reset